<?xml version="1.0" encoding="UTF-8"?>
<record
    xmlns:xsi="http://www.w3.org/2001/XMLSchema-instance"
    xsi:schemaLocation="http://www.loc.gov/MARC21/slim http://www.loc.gov/standards/marcxml/schema/MARC21slim.xsd"
    xmlns="http://www.loc.gov/MARC21/slim">

  <leader>01220na  a2200277   4500</leader>
  <controlfield tag="001">17416</controlfield>
  <controlfield tag="003">MIRAKIL</controlfield>
  <controlfield tag="005">20181213155028.0</controlfield>
  <controlfield tag="008">161024b        tu            000 0      </controlfield>
  <datafield tag="035" ind1=" " ind2=" ">
    <subfield code="a">17416</subfield>
  </datafield>
  <datafield tag="040" ind1=" " ind2=" ">
    <subfield code="a">Milas</subfield>
    <subfield code="b">tur</subfield>
    <subfield code="c">TR-AnCHP</subfield>
  </datafield>
  <datafield tag="041" ind1=" " ind2=" ">
    <subfield code="a">tur</subfield>
    <subfield code="a">eng</subfield>
  </datafield>
  <datafield tag="082" ind1=" " ind2=" ">
    <subfield code="a">738.30956514</subfield>
    <subfield code="b">U48a 2012</subfield>
  </datafield>
  <datafield tag="090" ind1=" " ind2=" ">
    <subfield code="a">738.30956514 U48a 2012</subfield>
  </datafield>
  <datafield tag="111" ind1=" " ind2=" ">
    <subfield code="a">Uluslararas&#x131; Eski&#x15F;ehir Pi&#x15F;mi&#x15F; Toprak Sempozyumu</subfield>
    <subfield code="c">Eski&#x15F;ehir</subfield>
    <subfield code="d">2012</subfield>
    <subfield code="n">6.</subfield>
  </datafield>
  <datafield tag="245" ind1=" " ind2=" ">
    <subfield code="a">6. Uluslararas&#x131; Eski&#x15F;ehir Pi&#x15F;mi&#x15F; Toprak Sempozyumu = 6th International Eski&#x15F;ehir Terra Cotta Symposium</subfield>
    <subfield code="b">10-23 Eyl&#xFC;l = September 2012, Eski&#x15F;ehir</subfield>
    <subfield code="c">Eski&#x15F;ehir Tepeba&#x15F;&#x131; Belediyesi</subfield>
  </datafield>
  <datafield tag="246" ind1=" " ind2=" ">
    <subfield code="a">6th International Eski&#x15F;ehir Terra Cotta Symposium, 09-22 September 2013, Eski&#x15F;ehir</subfield>
  </datafield>
  <datafield tag="260" ind1=" " ind2=" ">
    <subfield code="a">Eski&#x15F;ehir</subfield>
    <subfield code="b">Eski&#x15F;ehir Tepeba&#x15F;&#x131; Belediyesi</subfield>
    <subfield code="c">2012</subfield>
  </datafield>
  <datafield tag="300" ind1=" " ind2=" ">
    <subfield code="a">272 s.</subfield>
    <subfield code="b">fotg.</subfield>
    <subfield code="c">26x24 sm.</subfield>
  </datafield>
  <datafield tag="650" ind1=" " ind2=" ">
    <subfield code="a">Terra cotta</subfield>
    <subfield code="x">Toplant&#x131;lar</subfield>
    <subfield code="z">Eski&#x15F;ehir (T&#xFC;rkiye)</subfield>
    <subfield code="z">T&#xFC;rkiye</subfield>
  </datafield>
  <datafield tag="650" ind1=" " ind2=" ">
    <subfield code="a">Seramik sanatlar&#x131;</subfield>
    <subfield code="x">Toplant&#x131;lar</subfield>
    <subfield code="z">Eski&#x15F;ehir (T&#xFC;rkiye)</subfield>
    <subfield code="z">T&#xFC;rkiye</subfield>
  </datafield>
  <datafield tag="650" ind1=" " ind2=" ">
    <subfield code="a">&#xC7;&#xF6;mlek&#xE7;ilik</subfield>
    <subfield code="x">Toplant&#x131;lar</subfield>
    <subfield code="z">Eski&#x15F;ehir (T&#xFC;rkiye)</subfield>
  </datafield>
  <datafield tag="651" ind1=" " ind2=" ">
    <subfield code="a">T&#xFC;rkiye</subfield>
    <subfield code="x">Pi&#x15F;mi&#x15F; toprak</subfield>
    <subfield code="y">Toplant&#x131;lar</subfield>
    <subfield code="z">Eski&#x15F;ehir (T&#xFC;rkiye)</subfield>
  </datafield>
  <datafield tag="710" ind1=" " ind2=" ">
    <subfield code="a">Eski&#x15F;ehir Tepeba&#x15F;&#x131; Belediyesi</subfield>
    <subfield code="d">2012</subfield>
  </datafield>
  <datafield tag="942" ind1=" " ind2=" ">
    <subfield code="2">ddc</subfield>
    <subfield code="c">BKS</subfield>
  </datafield>
  <datafield tag="952" ind1=" " ind2=" ">
    <subfield code="a">0001</subfield>
    <subfield code="b">0001</subfield>
    <subfield code="d">2016-10-24</subfield>
    <subfield code="e">2</subfield>
    <subfield code="l">0</subfield>
    <subfield code="o">738.30956514 U48a 2012</subfield>
    <subfield code="p">001573</subfield>
    <subfield code="r">2016-10-24 00:00:00</subfield>
    <subfield code="v">0.00</subfield>
    <subfield code="w">2016-10-24</subfield>
    <subfield code="y">BKS</subfield>
  </datafield>
  <datafield tag="999" ind1=" " ind2=" ">
    <subfield code="c">5127</subfield>
    <subfield code="d">5127</subfield>
  </datafield>
</record>
